000
00273nam a2200109Ia 4500
008
230907s9999||||xx |||||||||||||| ||und||
082
_a
320.5
_b
HEY
245
0
_a
Political ideologies :
260
_a
Palgrave MacMillan,
_b
Hampshire :
_c
2014
300
_a
373 p.
942
_c
BK
999
_c
601507
_d
601507